00389 a2200121 450000100060000004000220000624000390002824500340006765000370010194200070013895201050014599900170025067569 cAnchieta - Pituba10aGincana interna Anchieta 2019lpor10aGincana interna Anchieta 2019 4aLínguas espanhola e portuguesa cMX 00104070a91.1b91.1d2023-11-21l0o460 G492 GINp22593/PITr2023-11-21 18:35:35w2023-11-21yMX c67569d67569